| 000 | 00626nam a2200205 a 4500 | ||
|---|---|---|---|
| 003 | PILC | ||
| 005 | 20160224135708.0 | ||
| 008 | 060920s19uu xx 00 eng d | ||
| 020 | _a0750679114 | ||
| 050 |
_aG 155.A1 _b.D48 2006 |
||
| 100 | _aDeuschl, Dennis E. | ||
| 245 |
_aTravel and tourism public relations : _ban introductory guide for hospitality managers / _cDennis E. Deuschl. |
||
| 260 |
_aAmsterdam : _bElseviere Butterworth Heinemann, _c2006. |
||
| 300 |
_a183 pages ; _c23 cm. |
||
| 500 | _aIncludes appendices and index. | ||
| 650 | _aTourism. | ||
| 942 |
_cBK _2lcc _kFOR |
||
| 999 |
_c21661 _d21661 |
||